Learning about Microcomputers Hardware and Applications Software

Saved in:
Bibliographic Details
Main Author: Coburn, Edward J.
Format: Book
Language:English
Published: Albany Delmar Publ. 1986
Edition:1. ed.
Subjects:
Tags: Add Tag
No Tags, Be the first to tag this record!

MARC

LEADER 00000nam a2200000 4500
001 c003942
005 20221207074741.2
020 |a 0-8273-2562-2 
041 0 |a eng 
044 |a US 
245 1 0 |a Learning about Microcomputers  |b Hardware and Applications Software  |c Edward J. Coburn 
250 |a 1. ed. 
264 1 |a Albany  |b Delmar Publ.  |c 1986 
300 |a 424 s. 
610 2 0 |a mikropočítače 
610 2 0 |a hardvér 
610 2 0 |a softvér 
610 2 0 |a programy aplikačné 
610 2 0 |a jazyky programovacie 
610 2 0 |a grafika počítačová 
610 2 0 |a spracovanie dát 
610 2 0 |a spracovanie textov 
610 2 0 |a systémy databázové 
100 1 |a Coburn, Edward J.